| 000 | 00560cam a2200193 4500 | ||
|---|---|---|---|
| 001 | BFIL013667 | ||
| 008 | t19821982sp spa | ||
| 020 | _a8420623415 | ||
| 035 | _aBFIL013667 | ||
| 050 | 0 | 0 |
_aHM271 _bM36 1982 |
| 100 | 1 | _aSennett, Richard | |
| 245 | 1 | 3 |
_aLa Autoridad / _cRichard Sennet ; vers. esp. de Fernando Santos Fontenla. |
| 260 |
_aMadrid, EspaƱa : _bAlianza, _c1982 |
||
| 300 |
_a186 p. ; _c20 cm. |
||
| 506 | _aRec. Prop. Esc. | ||
| 650 | 1 | 0 | _aAutoridad |
| 700 | 1 | _aSantos Fontenla, Fernando, vers. esp. | |
| 942 |
_2lcc _cLIB |
||
| 999 |
_c67595 _d67595 |
||